Beating down the prices in Brisbane (Record no. 23177)
[ view plain ]
| 000 -LEADER | |
|---|---|
| fixed length control field | 00884cab a2200205 4500 |
| 001 - CONTROL NUMBER | |
| control field | ABS42215 |
| 008 - FIXED-LENGTH DATA ELEMENTS--GENERAL INFORMATION | |
| fixed length control field | 090401t1990 xxu||||| |||| 00| 0 eng d |
| 035 ## - SYSTEM CONTROL NUMBER | |
| System control number | (Sirsi) u35389 |
| 041 ## - LANGUAGE CODE | |
| Language code of text/sound track or separate title | eng |
| 100 ## - MAIN ENTRY--PERSONAL NAME | |
| Personal name | Chong, F. |
| 245 ## - TITLE STATEMENT | |
| Title | Beating down the prices in Brisbane |
| 260 ## - PUBLICATION, DISTRIBUTION, ETC. | |
| Date of publication, distribution, etc. | 1990 |
| 350 ## - PRICE (NR) (BK AM CF MU VM SE) [OBSOLETE] | |
| Price | 0 |
| 490 ## - SERIES STATEMENT | |
| Series statement | World Property |
| Volume/sequential designation | February 1990, 45-47(3) |
| 520 ## - SUMMARY, ETC. | |
| Summary, etc. | Investigation of the Brisbane property market from the investment point of view. Many significant properties are on the market, not because of a lack of institutional interest but, because bargain hunters are beating down the price to take advantage of distressed sellers. At present developers are having problems raising finance, and this coupled with low prices have caused the market to stagnate. |
| 650 ## - SUBJECT ADDED ENTRY--TOPICAL TERM | |
| Topical term or geographic name entry element | AUSTRALIA |
| 690 ## - LOCAL SUBJECT ADDED ENTRY--TOPICAL TERM (OCLC, RLIN) | |
| Topical term or geographic name as entry element | OVERSEAS-REST OF THE WORLD |
| 942 ## - ADDED ENTRY ELEMENTS (KOHA) | |
| Suppress in OPAC | 0 |
| 948 ## - LOCAL PROCESSING INFORMATION (OCLC); SERIES PART DESIGNATOR (RLIN) | |
| c (OCLC) | 04/03/1997 |
| Withdrawn status | Lost status | Source of classification or shelving scheme | Damaged status | Not for loan | Home library | Current library | Shelving location | Date acquired | Total Checkouts | Full call number | Barcode | Date last seen | Copy number | Price effective from | Koha item type |
|---|---|---|---|---|---|---|---|---|---|---|---|---|---|---|---|
| Dewey Decimal Classification | London | London | Journal article | 14/09/1999 | ABS42215 | 35389-1001 | 06/08/2019 | 1 | 06/08/2019 | Journal article |